00417nam a2200109Ia 4500008004100000050002300041100003000064245008000094260008600174300002000260521002700280140724s9999 xx 000 0 und d aT 58.6b.T187 2014 aTarin, Jeremiah Shaine R. aInventory management system for Aqua Soft BFRV /cJeremiah Shaine R. Tarin. aLas Piñas, Philippines :bSouthville International School and Colleges,cc2014. a86 p. :c28 cm. aInformation Technology